[Event "Madurai Athens of the East op-B 4th"]
[Site "Madurai"]
[Date "2024.12.26"]
[Round "8"]
[White "Kishore, Prajith"]
[Black "Lukesh, A."]
[Result "1-0"]
[WhiteElo "1882"]
[BlackElo "1772"]
[PlyCount "103"]
[EventDate "2024.12.24"]
[EventType "swiss"]
[EventRounds "10"]
[EventCountry "IND"]
[SourceTitle "CB02_2025"]
[SourceDate "2025.01.08"]
[SourceVersion "1"]
[SourceVersionDate "2025.01.08"]
[SourceQuality "1"]

1. e4 c5 2. c3 Nf6 3. e5 Nd5 4. Nf3 Nc6 5. Bc4 Nb6 6. Bb3 d6 7. exd6 Qxd6 8. 0-0 g6 9. a4 Bg7 10. Na3 a6 11. Re1 0-0 12. h3 Bf5 13. Bc2 Bxc2 14. Nxc2 Rad8 15. b3 Nd5 16. Ba3 b6 17. Qe2 a5 18. g3 Rfe8 19. Rad1 Bxc3 20. dxc3 Nxc3 21. Rxd6 Nxe2+ 22. Rxe2 exd6 23. Rxe8+ Rxe8 24. Ne3 Ne7 25. Bb2 f5 26. Kf1 d5 27. Ne5 d4 28. N3c4 Nd5 29. f4 Re6 30. Kf2 Kf8 31. Bc1 Ke8 32. Bd2 Kd8 33. g4 Kc7 34. Nd3 Nf6 35. Kf3 Ne4 36. Be1 Kc6 37. Nce5+ Kd5 38. Nc4 Nd6 39. Nde5 Nc8 40. Bh4 h5 41. gxh5 gxh5 42. Bd8 Rh6 43. Nd7 b5 44. axb5 a4 45. b6 a3 46. b7 a2 47. bxc8Q a1Q 48. Qxc5+ Ke6 49. Qe7+ Kd5 50. Qe5+ Kc6 51. Na5+ Kxd7 52. Qe7+ 1-0